Six Sigma - filosofie jakosti pro příští tisíciletí

Filozofia akosti Six sigma ponúka viacero nástrojov, ktoré sa uplatňujú rovnakou mierou pri navrhovaní, výrobe a v službách. Úvod do problematiky metódy six sigma. Hlavné znaky six sigma. Zavádzanie metódy six sigma. Akosť ako nástroj odlíšenia na trhu.

Saved in:
Bibliographic Details
Main Author: Marash, Stanley A.
Format: Book Chapter
Language:Czech
Subjects:
Tags: Add Tag
No Tags, Be the first to tag this record!

MARC

LEADER 00000naa a2200000 4500
001 r040104
005 20230524135248.3
041 0 |a cze 
044 |a CZ 
245 1 0 |a Six Sigma - filosofie jakosti pro příští tisíciletí  |c Stanley A. Marash 
520 |a Filozofia akosti Six sigma ponúka viacero nástrojov, ktoré sa uplatňujú rovnakou mierou pri navrhovaní, výrobe a v službách. Úvod do problematiky metódy six sigma. Hlavné znaky six sigma. Zavádzanie metódy six sigma. Akosť ako nástroj odlíšenia na trhu. 
610 2 0 |a kvalita 
610 2 0 |a riadenie kvality 
610 2 0 |a proces výrobný 
610 2 0 |a úroveň výroby technická 
610 2 0 |a dodávatelia 
610 2 0 |a Six sigma 
100 1 |a Marash, Stanley A.